Hajimete no nihongo nōryoku shiken N5 tango 1000 = 1000 essential vocabulary for the JLPT N5 /

はじめての日本語能力試験N5単語 1000 = 1000 essential vocabulary for the JLPT N5.
Bibliographic Details
Corporate Author: Arc Academy (Author)
Format: Book
Language:Japanese
English
Vietnamese
Published: Tokyo : Kabushiki Kaisha Asuku Shuppan, 2017
Subjects:
Classic Catalogue: View this record in Classic Catalogue
LEADER 02720nam a22004217a 4500
001 44765
003 BD-DhAAL
005 20251026122356.0
008 250910t20252017ja a|||| |||| 001 0 jpn d
020 |a 9784872179811 
020 |a 4872179811 
040 |a BD-DhAAL  |c BD-DhAAL 
041 |a jpn  |a eng  |a vie 
082 |a 495.683421  |2 23 
245 |6 880-1  |a Hajimete no nihongo nōryoku shiken N5 tango 1000 =  |b 1000 essential vocabulary for the JLPT N5 / 
246 3 1 |a Nihongo nōryoku shiken N5 tango 1000. N5 tango 1000. 
246 3 1 |a 1000 essential vocabulary for the JLPT N5. 
246 3 1 |a One thousand essential vocabulary for the JLPT N5. 
246 3 1 |a First Japanese language proficiency test N5 1000 vocabulary. 
260 |a Tokyo :  |b Kabushiki Kaisha Asuku Shuppan,  |c 2017  |g (printing 2025) 
300 |a 183 pages :  |b illustrations ;  |c 19 cm +  |e 1 plastic sheet (transparent red ; 12 x 16 cm) 
500 |a First Japanese Language Proficiency Test N5 1000 Vocabulary 
500 |a first printing 2017 tenth printing 2025 Includes index  
526 |x Annajiat Alim Rasel Senior Lecturer Department of Computer Science & Engineering Course Name and No: Japanese Language and General for ITEE (JPN 101) 
541 |a Trim education  |e 44764, 44765  
546 |a In Japanese, with English and Vietnamese translations. 
650 |a Japanese language  |x Vocabulary  |x Study guides.  |9 59292 
650 |a Japanese language  |x Conversation and phrase books.  |9 59298 
650 |a Japanese language  |x Ability testing  |x Study guides.  |9 59294 
650 |a Japanese language  |x Self-instruction.  |9 59273 
710 |6 880-2  |a Arc Academy,  |e author.  |9 59274 
852 |a Ayesha Abed Library  |c General Stacks 
880 |6 245-1  |a はじめての日本語能力試験N5単語 1000 =  |b 1000 essential vocabulary for the JLPT N5. 
880 |6 710-2  |a アークアカデミー,  |b  author. 
942 |c BK  |2 ddc 
999 |c 47435  |d 47435 
952 |0 0  |1 0  |2 ddc  |4 0  |6 495_683421000000000_HAJ  |7 0  |9 78085  |a BRACUL  |b BRACUL  |c NEW  |d 2025-09-02  |e Trim Education  |g 3700.00  |l 3  |m 24  |o 495.683421 HAJ  |p 3010044764  |r 2026-05-19  |s 2026-04-23  |t 1  |v 7400.00  |w 2025-09-02  |y BK  |x Requisitioned by Annajiat Alim Rasel (Senior Lecturer, Department of Computer Science and Engineering, BRAC University) for the course named - 'Japanese Language and General for ITEE (JPN 101)' 
952 |0 0  |1 0  |2 ddc  |4 0  |6 495_683421000000000_HAJ  |7 1  |9 78086  |a BRACUL  |b BRACUL  |c REF  |d 2025-09-02  |e Trim Education  |g 3700.00  |l 1  |o 495.683421 HAJ  |p 3010044765  |r 2025-11-04  |s 2025-10-27  |t 2  |v 7400.00  |w 2025-09-02  |y BK  |x Requisitioned by Annajiat Alim Rasel (Senior Lecturer, Department of Computer Science and Engineering, BRAC University) for the course named - 'Japanese Language and General for ITEE (JPN 101)'